000
00320nam a22001217a 4500
008
171005b xxu||||| |||| 00| 0 eng d
041
_a
eng
080
_a
519.9
100
_a
48
101
_a
PSI
245
_a
A COMMENTARY ON APOPLECTIC AND PARALYTIC AFFECTIONS AND ON DISEASES CONNECTED
_c
KIRKLAND,TH
942
_2
udc
_c
BK
999
_c
31895
_d
31895